[Event "Figueres Nadal op 7th"]
[Site "Figueres"]
[Date "2017.12.27"]
[Round "1"]
[White "Blanco Esquena, Ramon"]
[Black "Roura Cortada, Pep"]
[Result "1-0"]
[WhiteElo "1708"]
[BlackElo "1552"]
[PlyCount "58"]
[EventDate "2017.12.27"]
[EventType "swiss"]
[EventRounds "8"]
[EventCountry "ESP"]
[SourceTitle "CBM 182 Extra"]
[Source "ChessBase"]
[SourceDate "2018.02.23"]
[SourceVersion "1"]
[SourceVersionDate "2018.02.23"]
[SourceQuality "1"]

1. Nf3 e6 2. g3 Nf6 3. Bg2 d5 4. c4 Nc6 5. 0-0 Bc5 6. cxd5 exd5 7. Qc2 Be6 8. a3 0-0 9. d3 Re8 10. Bg5 Qd7 11. Nc3 Bd6 12. Rfe1 Qe7 13. Bxf6 Qxf6 14. Nb5 Bg4 15. Rac1 a6 16. Nxd6 Qxd6 17. Qc5 Qxc5 18. Rxc5 Rad8 19. d4 Bxf3 20. Bxf3 Nxd4 21. Bxd5 Nxe2+ 22. Kf1 c6 23. Rxe2 Rxe2 24. Kxe2 Rxd5 25. Rxd5 cxd5 26. Kd3 Kf8 27. Kd4 Ke8 28. Kxd5 Kd8 29. Kd6 Kc8 1-0

[Event "Palafrugell Gelpi Memorial 30th"]
[Site "Palafrugell"]
[Date "2017.11.04"]
[Round "7"]
[White "Parramon Ros, Francesco"]
[Black "Blanco Esquena, Ramon"]
[Result "1-0"]
[WhiteElo "2068"]
[BlackElo "1679"]
[PlyCount "63"]
[EventDate "2017.09.23"]
[EventType "swiss"]
[EventRounds "9"]
[EventCountry "ESP"]
[SourceTitle "CBM 187 Extra"]
[Source "ChessBase"]
[SourceDate "2018.11.04"]
[SourceVersion "1"]
[SourceVersionDate "2018.11.04"]
[SourceQuality "1"]

1. d4 c5 2. d5 d6 3. e4 Nf6 4. Nc3 g6 5. Nf3 Bg4 6. h3 Bxf3 7. Qxf3 Nbd7 8. Be2 Bg7 9. 0-0 0-0 10. Qg3 a6 11. a4 Qc7 12. Qh4 Rfe8 13. Bh6 e6 14. Bxg7 Kxg7 15. dxe6 fxe6 16. f4 c4 17. Kh1 Qc5 18. Rae1 b5 19. e5 Nd5 20. Ne4 Qd4 21. Nxd6 Rf8 22. c3 Qd2 23. axb5 Rxf4 24. Rxf4 Nxf4 25. Bf3 Nd3 26. Rf1 Ra7 27. Qe7+ Kh6 28. Nf7+ Kg7 29. Ng5+ Kh6 30. Nxe6 Nf2+ 31. Kh2 g5 32. Qg7# 1-0

[Event "Figueres Nadal op 6th"]
[Site "Figueres"]
[Date "2016.12.30"]
[Round "7"]
[White "Vidal Palou, Jordi"]
[Black "Blanco Esquena, Ramon"]
[Result "1-0"]
[WhiteElo "1727"]
[BlackElo "1730"]
[PlyCount "89"]
[EventDate "2016.12.27"]
[EventType "swiss"]
[EventRounds "8"]
[EventCountry "ESP"]
[SourceTitle "CBM 176 Extra"]
[Source "ChessBase"]
[SourceDate "2017.03.02"]
[SourceVersion "1"]
[SourceVersionDate "2017.03.02"]
[SourceQuality "1"]

1. d4 Nf6 2. Nf3 g6 3. Bf4 Bg7 4. h3 d6 5. e3 0-0 6. Bd3 Nbd7 7. Bh2 c5 8. c3 a6 9. 0-0 b5 10. Nbd2 Bb7 11. a4 Qb6 12. axb5 axb5 13. Qe2 c4 14. Bc2 d5 15. e4 dxe4 16. Nxe4 e6 17. b3 Nxe4 18. Bxe4 cxb3 19. Bxb7 Qxb7 20. Qb2 Qd5 21. Rfe1 Ra2 22. Rxa2 bxa2 23. Ra1 Ra8 24. Nd2 Nb6 25. Nb3 Qe4 26. Bg3 Nc4 27. Qc1 Qe2 28. Kh2 Ra3 29. Nc5 b4 30. Qf4 e5 31. dxe5 Bxe5 32. Qh4 Bxg3+ 33. fxg3 b3 34. Qd8+ Kg7 35. Nd7 Ra8 36. Qxa8 Qe7 37. Qd5 b2 38. Rxa2 b1Q 39. Qd4+ Kh6 40. Nf6 Qxf6 41. Qxf6 Qxa2 42. Qxf7 Qe2 43. Qf8+ Kh5 44. Qf4 Ne3 45. Qh4# 1-0

[Event "Olot dels Volcans op"]
[Site "Olot"]
[Date "2010.06.12"]
[Round "8"]
[White "Vidal Palou, Jordi"]
[Black "Blanco Esquena, Ramon"]
[Result "0-1"]
[WhiteElo "1850"]
[BlackElo "1925"]
[PlyCount "64"]
[EventDate "2010.05.22"]
[EventType "swiss"]
[EventRounds "8"]
[EventCountry "ESP"]
[SourceTitle "EXT 2024"]
[Source "ChessBase"]
[SourceDate "2023.10.10"]
[SourceVersion "1"]
[SourceVersionDate "2023.10.10"]
[SourceQuality "1"]

1. e4 c5 2. Nf3 d6 3. c4 Nc6 4. a3 g6 5. d4 cxd4 6. Nxd4 Bg7 7. Be3 Nf6 8. Nxc6 bxc6 9. Bd4 c5 10. Bc3 0-0 11. f3 Qc7 12. Be2 a5 13. 0-0 a4 14. Nd2 Bb7 15. Re1 Rfb8 16. Qc2 Bc6 17. Nf1 Nh5 18. Bxg7 Nxg7 19. Ng3 Ne6 20. Qc3 Rb3 21. Qd2 Rab8 22. Ra2 Nd4 23. Bd3 R8b7 24. Rb1 Qb8 25. Ne2 Nxe2+ 26. Qxe2 Qf8 27. Bc2 R3b6 28. Qd2 Qg7 29. Bd3 Qd4+ 30. Kf1 Rb3 31. Ke2 e5 32. Qc2 Bd7 0-1

[Event "Illes Medes op-B 2nd"]
[Site "L'Estartit"]
[Date "2007.12.29"]
[Round "2"]
[White "Pera Martinez, Eloy"]
[Black "Blanco Esquena, Ramon"]
[Result "1/2-1/2"]
[WhiteElo "1545"]
[BlackElo "1966"]
[PlyCount "61"]
[EventDate "2007.12.28"]
[EventType "swiss"]
[EventRounds "9"]
[EventCountry "ESP"]
[SourceTitle "CBM 122 Extra"]
[Source "ChessBase"]
[SourceDate "2008.03.04"]
[SourceVersion "1"]
[SourceVersionDate "2008.03.04"]
[SourceQuality "1"]

1. c4 Nf6 2. d4 c5 3. d5 e6 4. dxe6 fxe6 5. Nc3 a6 6. Bg5 Be7 7. g3 0-0 8. Bg2 Nc6 9. e3 Qc7 10. Bxf6 Bxf6 11. Qc2 Rb8 12. Nge2 b5 13. Ne4 Be7 14. b3 Nb4 15. Qc3 d5 16. cxd5 exd5 17. a3 dxe4 18. axb4 Bf6 19. Qc1 Bxa1 20. Qxa1 cxb4 21. Bxe4 Bb7 22. Bxb7 Qxb7 23. 0-0 Rbc8 24. Nd4 Rf6 25. Qd1 Rcf8 26. f3 Qc7 27. Kg2 Qb7 28. Qd3 Rc8 29. e4 Rc3 30. Qe2 a5 31. Nxb5 1/2-1/2

[Event "Figueres op 08th"]
[Site "Figueres"]
[Date "2007.08.11"]
[Round "4"]
[White "Marholev, Dimitar"]
[Black "Blanco Esquena, Ramon"]
[Result "1-0"]
[WhiteElo "2402"]
[BlackElo "1966"]
[PlyCount "75"]
[EventDate "2007.08.08"]
[EventType "swiss"]
[EventRounds "9"]
[EventCountry "ESP"]
[SourceTitle "CBM 120 Extra"]
[Source "ChessBase"]
[SourceDate "2007.11.01"]
[SourceVersion "1"]
[SourceVersionDate "2007.11.01"]
[SourceQuality "1"]

1. e4 c5 2. Nf3 d6 3. d4 cxd4 4. Nxd4 Nf6 5. Nc3 a6 6. Bc4 e6 7. Bb3 Be7 8. g4 Nc6 9. g5 Nxd4 10. Qxd4 e5 11. Qd1 Nd7 12. Rg1 Nc5 13. Bd5 Ne6 14. h4 Qb6 15. a4 Rb8 16. a5 Qd4 17. Qf3 b5 18. Be3 Qb4 19. Ba7 Rb7 20. Bc6+ Kf8 21. Bxb7 Bxb7 22. 0-0-0 Qxa5 23. Kb1 Nf4 24. Be3 b4 25. Nd5 Nxd5 26. exd5 g6 27. h5 Bc8 28. hxg6 hxg6 29. Rh1 Rg8 30. Qe4 Bf5 31. Qc4 Ke8 32. Bd2 Qb6 33. Bxb4 Bxg5 34. Qc6+ Qxc6 35. dxc6 Be4 36. Rhe1 f5 37. Rxd6 Be7 38. Re6 1-0